000
00302nam a2200121Ia 4500
008
231120s2018 xx 000 0 und d
041
_a
eng
082
_a
743.4
100
_a
SUSIE HODGE
245
_a
HOW TO DRAW PEOPLE IN SIMPLE STEPS
260
_a
SEARCH PRESS
_b
SEARCH PRESS
_c
2018
300
_a
P-144
999
_c
933339
_d
933339